000 01016njm a22002537a 4500
005 20100901115333.0
006 a|||||r|||||00| 0
007 sd ammalaaahaa
008 100901t xxu||||| |||| 00| 0 eng d
028 _aN 80184
_bHis Master Voice
035 _aGR-913
040 _aSED
_cSED
100 _aBanerjee, Meera
_917891
245 _apiya seg lad pachtani :
_cby Meera Banerjee
_h[Sound recording]
_bMalkos /
246 _aपिया सग लड़ पछतानी / मीरा बनर्जी
260 _aDUM DUM, India
_bHis Master Voice
300 _a1 Sound disc [Gramophone Recording] :
_banalog, 33 1/3 rpm
_c9.5 in. (MP)
_fGramophone Record
500 _aBrief record
505 _aSide-2 पड़े नाहो चैन -ठुमरी (Pde naho chaen -thumri ) (Meera Banerjee)
650 _aClassical music
_xExcerpts
_zIndia
_917892
700 _918579
942 _2ddc
_cGR
999 _c44031
_d44031